<?xml version="1.0" encoding="UTF-8"?>
<record
    xmlns:xsi="http://www.w3.org/2001/XMLSchema-instance"
    xsi:schemaLocation="http://www.loc.gov/MARC21/slim http://www.loc.gov/standards/marcxml/schema/MARC21slim.xsd"
    xmlns="http://www.loc.gov/MARC21/slim">

  <leader>03171nam a2200301Ia 4500</leader>
  <controlfield tag="003">OSt</controlfield>
  <controlfield tag="005">20210419092914.0</controlfield>
  <controlfield tag="008">210310s2002    ck ad  gr     000 0 spa d</controlfield>
  <datafield tag="020" ind1=" " ind2=" ">
    <subfield code="a">9586824241</subfield>
  </datafield>
  <datafield tag="040" ind1=" " ind2=" ">
    <subfield code="a">CO-JMCR</subfield>
    <subfield code="c">CO-JMCR</subfield>
  </datafield>
  <datafield tag="041" ind1="0" ind2=" ">
    <subfield code="a">spa</subfield>
  </datafield>
  <datafield tag="082" ind1=" " ind2=" ">
    <subfield code="a">336.0093861 /</subfield>
    <subfield code="b">O84r</subfield>
    <subfield code="2">23</subfield>
  </datafield>
  <datafield tag="100" ind1="1" ind2=" ">
    <subfield code="a">Ossa Escobar, Carlos, </subfield>
    <subfield code="9">15007</subfield>
    <subfield code="e">autor</subfield>
  </datafield>
  <datafield tag="245" ind1="1" ind2="0">
    <subfield code="a">Reasignaci&#xF3;n de la carga tributaria en Colombia : </subfield>
    <subfield code="b">propuestas y alternativas : evaluaci&#xF3;n de la pol&#xED;tica y estructura del sistema impositivo nacional y territorial / </subfield>
    <subfield code="c">Carlos Ossa Escobar, Contralor General de la Rep&#xFA;blica ; pr&#xF3;logo, Arnold C. Harberger, pr&#xF3;logo</subfield>
  </datafield>
  <datafield tag="250" ind1=" " ind2=" ">
    <subfield code="a">Primera edici&#xF3;n</subfield>
  </datafield>
  <datafield tag="260" ind1=" " ind2=" ">
    <subfield code="a">Bogot&#xE1; : </subfield>
    <subfield code="b">Contralor&#xED;a General de la Rep&#xFA;blica, </subfield>
    <subfield code="c">2002</subfield>
  </datafield>
  <datafield tag="300" ind1=" " ind2=" ">
    <subfield code="b">195 p&#xE1;ginas : </subfield>
    <subfield code="a">ilustraciones y gr&#xE1;ficas a blanco y negro ; </subfield>
    <subfield code="c">23 cm.</subfield>
  </datafield>
  <datafield tag="490" ind1="0" ind2=" ">
    <subfield code="a">Colecci&#xF3;n Contralor&#xED;a</subfield>
  </datafield>
  <datafield tag="500" ind1=" " ind2=" ">
    <subfield code="a">Incluye notas a pie de p&#xE1;gina.</subfield>
  </datafield>
  <datafield tag="504" ind1=" " ind2=" ">
    <subfield code="a">Bibliograf&#xED;a: p&#xE1;ginas [184]-185</subfield>
  </datafield>
  <datafield tag="505" ind1="0" ind2=" ">
    <subfield code="a">Resumen -- Las finanzas del gobierno nacional -- Tributaci&#xF3;n nacional -- Tributaci&#xF3;n de las entidades territoriales -- Propuestas y recomendaciones acerca de la tributaci&#xF3;n a nivel nacional -- Propuestas y recomendaciones del nivel territorial y subnacional</subfield>
  </datafield>
  <datafield tag="520" ind1="3" ind2=" ">
    <subfield code="a">La reasignaci&#xF3;n de la carga tributaria en Colombia: propuestas y alternativas es una obra que la Contralor&#xED;a General de la Rep&#xFA;blica somete a consideraci&#xF3;n del Gobierno Nacional, del Congreso, de los gremios, de la academia y del pa&#xED;s en general, cuyo prop&#xF3;sito es contribuir en la construcci&#xF3;n de un sistema impositivo progresivo, neutral y equitativo.
Este trabajo cubre los elementos sustanciales, de procedimiento y de la administraci&#xF3;n de los impuestos del nivel nacional y territorial, en el contexto de la pol&#xED;tica y la estructura tributaria de los &#xFA;ltimos treinta a&#xF1;os. Sobre ellos se realiza el diagn&#xF3;stico y se formula la propuesta.
El estudio identifica, entre los rasgos estructurales del sistema tributario colombiano, la mala distribuci&#xF3;n de la carga, la proliferaci&#xF3;n de exenciones y beneficios inequitativos y regresivos, la inestabilidad de las reglas y arreglos institucionales. En conjunto, las medidas para subsanarlos conducen a una propuesta integral que permite enfrentar la reforma estructural de las finanzas p&#xFA;blicas con claros criterios de responsabilidad social.
La calidad t&#xE9;cnica y acad&#xE9;mica del libro est&#xE1; avalada por el pr&#xF3;logo del profeso Arnold C. Harberger, quien eval&#xFA;a y comenta el estudio. El profeso Harberger es un estudioso del tema impositivo a nivel internacional y posee amplia experiencia en los sistemas tributarios de Am&#xE9;rica Latina. Desde 1984 es un profesor de Econom&#xED;a en la Universidad de California, Los &#xC1;ngeles, y profesor visitante de las universidades de Harvard, Princeton y del Instituto Tecnol&#xF3;gico de Massachusetts, MIT, del Centro para Estudio Internacionales en Nueva Delhi y de la Universidad de Par&#xED;s.</subfield>
  </datafield>
  <datafield tag="650" ind1="1" ind2="4">
    <subfield code="a">Impuestos</subfield>
    <subfield code="9">15009</subfield>
    <subfield code="z">Colombia</subfield>
  </datafield>
  <datafield tag="650" ind1="2" ind2="4">
    <subfield code="a">Planificaci&#xF3;n tributaria</subfield>
    <subfield code="z">Colombia</subfield>
    <subfield code="9">36952</subfield>
  </datafield>
  <datafield tag="650" ind1="2" ind2="4">
    <subfield code="a">Impuestos sobre la renta</subfield>
    <subfield code="z">Colombia</subfield>
    <subfield code="9">36945</subfield>
  </datafield>
  <datafield tag="700" ind1="1" ind2=" ">
    <subfield code="a">Harberger, Arnold C., </subfield>
    <subfield code="e">prologuista</subfield>
    <subfield code="9">36953</subfield>
  </datafield>
  <datafield tag="942" ind1=" " ind2=" ">
    <subfield code="2">ddc</subfield>
    <subfield code="c">BK</subfield>
  </datafield>
  <datafield tag="999" ind1=" " ind2=" ">
    <subfield code="c">7635</subfield>
    <subfield code="d">7635</subfield>
  </datafield>
  <datafield tag="952" ind1=" " ind2=" ">
    <subfield code="0">0</subfield>
    <subfield code="1">0</subfield>
    <subfield code="2">ddc</subfield>
    <subfield code="4">0</subfield>
    <subfield code="7">0</subfield>
    <subfield code="8">NFIC</subfield>
    <subfield code="a">CPL</subfield>
    <subfield code="b">CPL</subfield>
    <subfield code="d">2018-04-15</subfield>
    <subfield code="e">Donaci&#xF3;n</subfield>
    <subfield code="o">336.0093861 / O84r</subfield>
    <subfield code="p">430003387</subfield>
    <subfield code="r">2024-05-16 00:00:00</subfield>
    <subfield code="t">Ej.1</subfield>
    <subfield code="y">BK</subfield>
  </datafield>
  <datafield tag="952" ind1=" " ind2=" ">
    <subfield code="0">0</subfield>
    <subfield code="1">0</subfield>
    <subfield code="2">ddc</subfield>
    <subfield code="4">0</subfield>
    <subfield code="7">0</subfield>
    <subfield code="8">NFIC</subfield>
    <subfield code="a">CPL</subfield>
    <subfield code="b">CPL</subfield>
    <subfield code="d">2018-04-15</subfield>
    <subfield code="e">Donaci&#xF3;n</subfield>
    <subfield code="l">2</subfield>
    <subfield code="m">2</subfield>
    <subfield code="o">336.0093861 / O84r</subfield>
    <subfield code="p">430003388</subfield>
    <subfield code="r">2024-05-16 00:00:00</subfield>
    <subfield code="s">2022-05-04</subfield>
    <subfield code="t">Ej.2</subfield>
    <subfield code="w">2021-04-19</subfield>
    <subfield code="y">BK</subfield>
  </datafield>
</record>
